000
00212 a2200109 4500
020
_a
9781877241512
041
_a
eng
100
_a
Ihimaera, Witi.
245
_a
Woman far walking
942
_c
BK
999
_c
10915
_d
10915
999
_d
10915